Türklük müslümanlık ve Osmanlı mirası/ (Record no. 60952)
| 000 -BAŞLIK | |
|---|---|
| Sabit Uzunluktaki Kontrol Alanı | 01548nam a22003377a 4500 |
| 001 - KONTROL NUMARASI | |
| Control Dosyası | 0061153 |
| 003 - KONTROL NUMARASI KİMLİĞİ | |
| Kontrol Alanı | KOHA_MİRAKIL |
| 005 - EN SON İŞLEM TARİHİ ve ZAMANI | |
| Kontrol Alanı | 20260207004328.0 |
| 007 - FİZİKSEL TANIM SABİT ALAN - GENEL BİLGİ | |
| Sabit uzunluklu kontrol alanı | ta |
| 008 - SABİT UZUNLUKTAKİ VERİ ÖGELERİ - GENEL BİLGİ | |
| Sabit Alan | 170912b2016 xx |||gr||||#||||0|tur | |
| 020 ## - ISBN - ULUSLARARASI STANDART KİTAP NUMARASI | |
| Isbn | 9786055411619 |
| Nitelik bilgileri | |
| 040 ## - KATALOGLAMA KAYNAĞI | |
| Özgün Kataloglama Kurumu | TR-BiSEU |
| Kataloglama Dili | tur |
| Çeviri Kurumu | TR-BiSEU |
| Açıklama Kuralları | rda |
| 041 0# - DİL KODU | |
| Metin ya da ses kaydının dil kodu | tur |
| 050 ## - SINIFLAMA ve YER NUMARASI | |
| Sınıflama Numarası | BP63.T8 |
| Yer Numarası | I53 2016 |
| 100 1# - KİŞİ ADI | |
| Yazar Adı (Kişi adı) | İnalcık, Halil. |
| 245 1# - ESER ADI BİLDİRİMİ | |
| Başlık | Türklük müslümanlık ve Osmanlı mirası/ |
| Sorumluluk Bildirimi | Halil İnalcık ; Halil İnalcık. |
| 250 ## - BASIM BİLDİRİMİ | |
| Basım Bildirimi | 3. Baskı |
| 264 #1 - ÜRERİM, YAYIN, DAĞITIM ve TELİF BİLDİRİMİ | |
| Yayın yeri | İstanbul : |
| Yayınlayan | Kırmızı Yayınları |
| Yayın tarihi | 2016 |
| 300 ## - FİZİKSEL TANIMLAMA | |
| Sayfa, Cilt vb. | 240 sayfa ; |
| Boyutları | 22 cm. |
| 336 ## - İÇERİK TÜRÜ | |
| Content type term | metin |
| Content type code | txt |
| Source | rdacontent |
| 337 ## - MEDYA TÜRÜ | |
| Media type term | aracısız |
| Media type code | n |
| Source | rdamedia |
| 338 ## - TAŞIYICI TÜRÜ | |
| Carrier type term | cilt |
| Carrier type code | nc |
| Source | rdacarrier |
| 500 ## - GENEL NOT | |
| Genel Not | Dizin var. |
| 500 ## - GENEL NOT | |
| Genel Not | Kaynakça var. |
| 505 ## - İÇİNDEKİLER NOTU | |
| İçindekiler Notu | Halil İnalcık hocayı "şeyh-ül miverrihin " (tarihçilerin şeyhi) "tarihçilerin kutbu" saymaları boşyere değil: Geleneksel tarihçiliğin sık sık dayanıksız tespitlere dayalı, "resmi bakış"a ayarlı yaklaşımını teryüz eden ; bilgiye belgeye yaslanan bir çözümleme ve yorumlama anlayışını ufkumuza taşıyan odur. Halil İnancık'ın tarihimizi doğru okuma endişesini doğruya taşıyan , batılı tarihçileri de kökünden etkileyen makalelerini sunmaktan Kırmızı Yayınları onur duyar. |
| 650 #0 - KONU BAŞLIĞI EK GİRİŞ - KONU TERİMİ | |
| Konusal terim veya coğrafi ad | İslam--Türkiye. |
| 9 (RLIN) | 12464 |
| 650 #0 - KONU BAŞLIĞI EK GİRİŞ - KONU TERİMİ | |
| Konusal terim veya coğrafi ad | İslam ve siyaset--Türkiye. |
| 9 (RLIN) | 15163 |
| 650 #0 - KONU BAŞLIĞI EK GİRİŞ - KONU TERİMİ | |
| Konusal terim veya coğrafi ad | Türkiye--Siyaset ve yönetim. |
| 9 (RLIN) | 7157 |
| 650 #0 - KONU BAŞLIĞI EK GİRİŞ - KONU TERİMİ | |
| Konusal terim veya coğrafi ad | Türkiye--Tarih--Osmanlı İmparatorluğu, 1288-1918. |
| 9 (RLIN) | 12229 |
| 942 ## - EK GİRİŞ ÖGELERİ (KOHA) | |
| Source of classification or shelving scheme | Library of Congress Classification |
| Koha item type | Book |
| Materyal Türü | Kalıcı Konum | Mevcut Konum | Raf Yeri | Sınıflandırma Kaynağı | Edinim Bilgisi | Ana Konular | Alt Konular | Yer Numarası | Demirbaş Numarası | Fatura Tarihi | Geri Çekilme Durumu | Kayıp Durumu | Hasarlı Durumu | Kredi için değil | Kayıt Tarih | Toplam Ödünçverme | Son Görülme Tarihi | Son Kontrol Tarihi |
|---|---|---|---|---|---|---|---|---|---|---|---|---|---|---|---|---|---|---|
| Book | Prof. Dr. Azmi Özcan Kütüphanesi | Prof. Dr. Azmi Özcan Kütüphanesi | Uluğbey Salonu | Library of Congress Classification | Satın | FELSEFE, PSİKOLOJİ, DİN | İslam, Bahailik, Teozofi vb. | BP63.T8 I53 2016 | 0061153 | 02/02/2026 | 12/09/2017 | 4 | 05/12/2024 | 05/12/2024 |
